000
00408nam a2200169Ia 4500
001
21666
003
GE_BSU
008
181216s||||||||xx |||||||||||||| ||und||
040
_c
GE_BSU
245
_a
გადასახადები #9. 2017
260
_a
თბილისი
260
_c
2017
300
_a
CD
653
_a
cd
653
_a
გადასახადები #9. 2017
942
_c
CF
999
_c
54599
_d
54599